Actuación de Dios y del alma en los estados místicos (Record no. 748538)
[ view plain ]
| 000 -CABECERA | |
|---|---|
| Campo de control de longitud fija | 00448nab a2200145Ia 4500 |
| 003 - IDENTIFICADOR DEL NÚMERO DE CONTROL | |
| Campo de control | ES-SlBCS |
| 005 - FECHA Y HORA DE LA ÚLTIMA TRANSACCIÓN | |
| Campo de control | 20210601150909.0 |
| 008 - CÓDIGOS DE INFORMACIÓN DE LONGITUD FIJA | |
| Campo de control de longitud fija | 140529s1986 xxu||||| |||| 00| 0 spa d |
| 041 ## - CÓDIGO DE LENGUA | |
| Código de lengua del texto/banda sonora o título independiente | spa |
| 100 1# - PUNTO DE ACCESO PRINCIPAL-NOMBRE DE PERSONA | |
| Nombre de persona | Aguilar, R. |
| 9 (RLIN) | 326921 |
| 245 00 - MENCIÓN DE TÍTULO | |
| Título | Actuación de Dios y del alma en los estados místicos |
| Mención de responsabilidad, etc. | R. Aguilar |
| 650 04 - PUNTO DE ACCESO ADICIONAL DE MATERIA-TÉRMINO DE MATERIA | |
| Término de materia o nombre geográfico como elemento inicial | Estados Místicos |
| 9 (RLIN) | 301949 |
| 773 0# - ENLACE AL DOCUMENTO FUENTE | |
| Título | Vida Sobrenatural, la |
| Parte(s) relacionada(s) | vol. 66, nº. 524, 1986, págs. 109-114 |
| Número de control del registro relacionado | Rev495 |
| 942 ## - ENTRADA DE ELEMENTOS AGREGADOS (KOHA) | |
| Koha [por defecto] tipo de item | Artículos de revista |
| Suprimido | Perdido | Estropeado | No para préstamo | Localización permanente | Localización actual | Localización en estantería | Fecha adquisición | Préstamos totales | Fecha última consulta | Fecha del precio de reemplazo | Tipo de item de Koha |
|---|---|---|---|---|---|---|---|---|---|---|---|
| San Esteban | San Esteban | Depósito de revistas | 11/07/2014 | 11/07/2014 | 11/07/2014 | Artículos de revista |
